| 000 | 00676nam a2200205 a 4500 | ||
|---|---|---|---|
| 005 | 20241004063724.0 | ||
| 008 | 030326s1999 mx r 000 0 spa d | ||
| 020 | _a9687529830 | ||
| 035 | _aUPN01000123258 | ||
| 049 | _aCG | ||
| 050 | 4 |
_aBF39 _bP3.38 |
|
| 100 | 1 | _aPagano, Robert R. | |
| 245 | 1 | 0 |
_aEstadística para las ciencias del comportamiento / _cRobert R. Pagano ; tr. Oscar Alfredo Palmas Velasco. |
| 260 |
_aMéxico : _bInternational Thomson, _cc1999. |
||
| 300 | _axxvi, 548 p. | ||
| 534 |
_pTraducción de: _tUnderstanding statistics in the behavioral sciences. |
||
| 650 | 4 |
_aPsicometría _99969 |
|
| 650 | 4 |
_aPsicología _xMetodología _95866 |
|
| 905 | _aLibro | ||
| 999 |
_c95439 _d95439 |
||